Logic Puzzle: 1-25 Number Grid II Quiz Stats

 Plays Quiz Updated Mar 2, 2018

Challenge
Share
Tweet
Score 0/25 Timer 20:00
3 Plays Today
Cell Clue % Correct
A1






???
100%
A2






???
98.9%
B1






???
51.3%
A3






???
50%
E5






???
47.9%
A5






???
43.4%
A4






???
42.2%
E1






???
39.8%
E4






???
31.9%
D5






???
25.4%
E3






???
20.8%
E2






???
20.1%
C1






???
19.7%
Cell Clue % Correct
D4






???
18%
D3






???
17.8%
B2






???
17.3%
C5






???
17.1%
B5






???
17%
B3






???
16%
B4






???
13.9%
C4






???
12.4%
D1






???
11.4%
C3






???
10.4%
D2






???
10.3%
C2






???
9.9%

You're not logged in!

Compare scores with friends on all Sporcle quizzes.
Join for Free
OR
Log In

You Might Also Like...

Show Comments

Extras

Top Quizzes Today


Score Distribution

Your Account Isn't Verified!

In order to create a playlist on Sporcle, you need to verify the email address you used during registration. Go to your Sporcle Settings to finish the process.

Report this User

Report this user for behavior that violates our Community Guidelines.

Details: